| 000 | 01279cam a22003254a 4500 | ||
|---|---|---|---|
| 001 | 13322543 | ||
| 003 | ARRUPE | ||
| 005 | 20140130134736.0 | ||
| 008 | 030825s2004 mnua b 011 0 eng | ||
| 010 | _a 2003018927 | ||
| 020 | _a0814629431 (alk. paper) | ||
| 040 |
_aDLC _cDLC _dDLC |
||
| 042 | _apcc | ||
| 050 | 0 | 0 |
_aBX1970 _b.V545 2004 |
| 082 | 0 | 0 |
_a264/.02 _222 |
| 100 |
_aSearle, Mark, _97341 |
||
| 245 | 0 | 0 |
_aVision : _bthe scholarly contributions of Mark Searle to liturgical renewal / _cAnne Y. Koester and Barbara Searle, editors. |
| 260 |
_aCollegeville, Minn. : _bLiturgical Press, _cc2004. |
||
| 300 |
_axvii, 270 p.: _bill. ; _c23 cm. |
||
| 504 | _aIncludes bibliographical references (p. 259-267) and index. | ||
| 610 | 2 | 0 |
_aCatholic Church _xLiturgy. _97342 |
| 650 | 0 |
_aChurch renewal _xCatholic Church. _97343 |
|
| 700 | 1 |
_aSearle, Mark, _d1941-1992. _97344 |
|
| 700 | 1 |
_aKoester, Anne Y. _97345 |
|
| 700 | 1 |
_aSearle, Barbara Schmich. _97346 |
|
| 856 | 4 | 1 |
_3Table of contents _uhttp://www.loc.gov/catdir/toc/ecip048/2003018927.html |
| 906 |
_a7 _bcbc _corignew _d1 _eecip _f20 _gy-gencatlg |
||
| 942 |
_2lcc _cMONOGRAPH |
||
| 999 |
_c119780 _d119780 |
||